| 000 | 00354 a2200121 4500 | ||
|---|---|---|---|
| 999 |
_c322955 _d322955 |
||
| 001 | 87882 | ||
| 003 | NUST | ||
| 082 | _a623.4511909541 HAS | ||
| 100 |
_aHassan Feroze Khan _99732 |
||
| 245 |
_aEating Grass : The Making of Pakistani Bomb _hEnglish _cHassan Feroze Khan |
||
| 260 |
_aIndia _bFoundation Books _c2013 |
||
| 300 | _a520p+xxv | ||
| 942 |
_aCAE NUST _cBK _k623.4511905491 HAS _2ddc |
||